Prehľad používania prípravkov a technologického vybavenia obrábacích strojov - stroje na dokončovacie operácie : Bakalárska práca

Na minha lista:
Detalhes bibliográficos
Autor principal: Nikodémová, Iveta (Author)
Outros Autores: Charbulová, Marcela (xxx)
Formato: Manuscrito Livro
Idioma:eslovaco
Publicado em: Trnava : STU v Bratislave MtF KTZS, 2004
Assuntos:
Tags: Adicionar Tag
Sem tags, seja o primeiro a adicionar uma tag!

MARC

LEADER 00000ntm a22000003a 4500
001 stu89762
005 20200715133235.0
008 040831s2004----xo------------------slo-d
040 |a STU  |b slo 
041 0 |a slo 
044 |a xo 
100 1 |a Nikodémová, Iveta  |4 aut 
245 1 |a Prehľad používania prípravkov a technologického vybavenia obrábacích strojov - stroje na dokončovacie operácie :  |b Bakalárska práca 
260 |a Trnava :  |b STU v Bratislave MtF KTZS,  |c 2004 
300 |a 45 s  |c CD 
650 7 |a technologické zariadenia a systémy  |2 stusub 
650 7 |a prípravky  |2 stusub 
650 7 |a dokončovacie spôsoby obrábania  |2 stusub 
700 1 |a Charbulová, Marcela  |4 xxx  |u M170  |U MTF Ústav výrobných systémov a aplikovanej mechaniky  |T MTF Katedra technologických zariadení a systémov  |X 4306  |U M170  |Y M170  |7 A000004306 
996 |b 284M060183  |c M*BP-562  |l MMSKP  |s P  |a 0  |w stu89762_0001